| 000 | 00521nam a2200169Ia 4500 | ||
|---|---|---|---|
| 008 | 140529s9999 xx 000 0 und d | ||
| 020 | _a9789710172801 | ||
| 050 |
_aLB 2369 _b.B34 2011 |
||
| 100 | _aBago, Adelaida Lacaba. | ||
| 245 |
_aThesis writing with confidence / _cAdelaida Lacaba-Bago |
||
| 260 |
_aQuezon City, Philippines : _bC & E Publishing, _cc2011. |
||
| 300 |
_a186 p. ; _c22 cm. |
||
| 500 | _aIncludes bibliographical references and index. | ||
| 521 | _aGE | ||
| 942 |
_kLOC _cBK |
||
| 999 |
_c117747 _d117747 |
||